000 00579nam a2200229Ia 4500
003 OSt
005 20220918180128.0
006 a|||||r|||| 00| 0
007 ta
008 220917b |||||||| |||| 00| 0 eng d
024 _a20,741
037 _cTextual
040 _aARTS
_cARTS
_beng
041 _2eng
_aeng
082 _aO:3M010x, E2 (-)
100 _aGaskell Elizabeth C
_955697
245 0 _aRound the sofa
260 _c1913
650 _aENGLISH LITERATURE
942 _hO:3M010x, E2 (-)
_cTEXL
_2CC
999 _c160389
_d160389